Vytváranie integrovaného systému riadenia v potravinárskom podniku

Guardado en:
Detalles Bibliográficos
Autor principal: Nagyová, Erika
Formato: Libro
Lenguaje:eslovaco
Publicado: Bratislava STU FCHPT 2006
Acceso en línea:Ver en el OPAC
Etiquetas: Agregar Etiqueta
Sin Etiquetas, Sea el primero en etiquetar este registro!

MARC

LEADER 00000nam a2200000 a 4500
005 20260127134319.0
008 060607 2006 xo 000 0 slo d
035 |a vtls008774580 
039 9 |y 200606201018  |z mschk03 
040 |a STUSCHK1  |b slo  |c STUSCHK1  |e AACR2 
100 1 |a Nagyová, Erika 
245 1 |a Vytváranie integrovaného systému riadenia v potravinárskom podniku 
260 |a Bratislava  |b STU FCHPT  |c 2006 
300 |a 82 s.  |b tab.,lit. + CD-ROM 
500 |a Obháj.: 5.6. 2006 
500 |a Špec.: Manažment chemických a potravinárskych podnikov 
500 |a Oddelenie manažmentu 
910 |a SCHK95 
999 |c 9569  |d 9569